Idealizmus ako integrálna súčasť liberálnej teórie medzinárodných vzťahov

Vplyv a význam idealistického obdobia vývoja liberálnej teórie medzinárodných vzťahov. Zovšeobecnenie konceptov a fenoménov, ktorým sa autori idealizmu venovali. Ich prepojenie a kontinuita v trendoch a konceptoch využívaných súčasným liberalizmom. Prehľad tradičného vnímania idealizmu medzi českými...

Full description

Saved in:
Bibliographic Details
Main Author: Husenicová, Lucia
Format: Book Chapter
Language:Slovak
Subjects:
Tags: Add Tag
No Tags, Be the first to tag this record!

MARC

LEADER 00000naa a2200000 4500
001 0236781
005 20220805074239.5
041 0 |a slo 
044 |a SK 
245 1 0 |a Idealizmus ako integrálna súčasť liberálnej teórie medzinárodných vzťahov  |c Lucia Husenicová 
520 |a Vplyv a význam idealistického obdobia vývoja liberálnej teórie medzinárodných vzťahov. Zovšeobecnenie konceptov a fenoménov, ktorým sa autori idealizmu venovali. Ich prepojenie a kontinuita v trendoch a konceptoch využívaných súčasným liberalizmom. Prehľad tradičného vnímania idealizmu medzi českými a slovenskými teoretikmi, ako i všeobecné vnímanie pod vplyvom kritiky E. Carra. Vymedzenie konceptov idealizmu, vnímanie reality medzinárodných vzťahov tromi vybranými autormi prvej polovice 20. storočia, ako i ich návrhy na ďalšie usporiadanie sveta. 
610 2 0 |a vzťahy medzinárodné 
610 2 0 |a liberalizmus 
610 2 0 |a ideológia 
100 1 |a Husenicová, Lucia